On My Block quiz - Statistics

General Stats
  • This quiz has been taken 7,143 times
  • The average score is 8 of 11
Answer Stats
Question Answer % Correct
Guy who is obessed with Rollerworld Jamal
99%
Little guy who gets shot at the end of S1 Ruby
96%
Guy who is in a gang Cesar
84%
Girl who's mother left her Monse
80%
Girl who dies by a gunshot at the end of S1 Olivia
73%
Brother of the guy in the gang Oscar
72%
Name of the gang in the neighbourhood Santos
71%
Where the Rollerworld money is buried Football field
57%
Name of the neighbourhood in the serie Freeridge
56%
Former gang legend Lil Ricky
56%
The amount of the Rollerworld money (in dollars) 200000
38%
No matching quizzes found
Score Distribution
Percent of People with Each Score
Percentile by Number Answered
Your Score History
You have not taken this quiz